Missing Word: Films Set on the Moon Quiz Stats

 Plays Quiz Updated Mar 6, 2020

Support Sporcle.
Go Orange.
Score 0/14 Timer 04:00
0 Plays Today
Title Missing Word % Correct
2001: A ____ OdysseySpace
97.1%
Despicable ____Me
96.3%
Men in ____ 3Black
76%
Destination ____Moon
73.1%
A ____ to the MoonTrip
70.6%
____ 18Apollo
57.7%
____: Dark of the MoonTransformers
54.9%
Title Missing Word % Correct
The Adventures of Pluto ____Nash
52.3%
The Fabulous ____ MunchausenBaron
50.8%
____ II: The SequelAirplane
24.9%
A ____ Day OutGrand
18.5%
____ Men in the MoonFirst
18.2%
Iron ____Sky
11.4%
Moon ____ TwoZero
9%

Today's Daily Dose

Missing Word
90s UK #1s

Word Ladder
Full Score

Quick Pick
Prime Books

Get the Picture
Big 4 'P' All-Stars

From the Vault

'W' in Europe

by Cortez

Can you name these European whereabouts?
Remove Ads.
Support Sporcle.
Get the best of Sporcle when you Go Orange. This ad-free experience offers more features, more stats, and more fun while also helping to support Sporcle. Thank you for becoming a member.

Show Comments

Extras

Top Quizzes Today


Score Distribution

Your Account Isn't Verified!

In order to create a playlist on Sporcle, you need to verify the email address you used during registration. Go to your Sporcle Settings to finish the process.

Report this User

Report this user for behavior that violates our Community Guidelines.

Details: